ბათუმის შოთა რუსთაველის სახელმწიფო უნივერსიტეტის ბიბლიოთეკა

საქართველოს კანონი კულტურის შესახებ 2000 წლის 28 ივნისის კანონი #417-სსმ 1. #26, 13.07.2000 წ. (ბიბ.ჩანაწერი № 52833)

000 -LEADER
fixed length control field 00844nam a2200205Ia 4500
001 - CONTROL NUMBER
control field 19863
003 - CONTROL NUMBER IDENTIFIER
control field GE_BSU
008 - FIXED-LENGTH DATA ELEMENTS--GENERAL INFORMATION
fixed length control field 181216s||||||||xx |||||||||||||| ||und||
040 ## - CATALOGING SOURCE
Transcribing agency GE_BSU
080 ## - UNIVERSAL DECIMAL CLASSIFICATION NUMBER
Universal Decimal Classification number 34
245 ## - TITLE STATEMENT
Title საქართველოს კანონი კულტურის შესახებ 2000 წლის 28 ივნისის კანონი #417-სსმ 1. #26, 13.07.2000 წ.
260 ## - PUBLICATION, DISTRIBUTION, ETC.
Place of publication, distribution, etc. თბილისი
260 ## - PUBLICATION, DISTRIBUTION, ETC.
Date of publication, distribution, etc. ?
300 ## - PHYSICAL DESCRIPTION
Extent 16გვ.
653 ## - INDEX TERM--UNCONTROLLED
Uncontrolled term ბიბლიოთეკარი
653 ## - INDEX TERM--UNCONTROLLED
Uncontrolled term საქართველოს კანონი კულტურის შესახებ 2000 წლის 28 ივნისის კანონი #417-სსმ 1. #26, 13.07.2000 წ.
653 ## - INDEX TERM--UNCONTROLLED
Uncontrolled term ქსეროქსი
942 ## - ADDED ENTRY ELEMENTS (KOHA)
Koha item type წიგნი
ეგზემპლარები
Withdrawn status Lost status Damaged status Not for loan Date acquired Barcode Date last seen Price effective from Koha item type Public note
        2018-12-17 00434 2018-12-17 2018-12-17 წიგნი ქსეროქსი